| 000 | 00623nam a2200205 i 4500 | ||
|---|---|---|---|
| 001 | 74066 | ||
| 003 | ES-MaACL | ||
| 005 | 20230906172015.0 | ||
| 007 | t| | ||
| 008 | 040915s1960 sp ||||1| spa d | ||
| 100 | 1 |
_aGonzález Blanco, Florentino. _958464 |
|
| 245 | 1 | 0 |
_aManual práctico del soldador eléctrico / _cpor Florentino González Blanco. |
| 250 | _a4ª ed. | ||
| 260 |
_a[Barcelona : _bGustavo Gili], _c1960. |
||
| 300 |
_a187 p. : _bil. ; _c19 cm. |
||
| 490 | 1 | _aBiblioteca del mecánico | |
| 830 | 0 |
_aBiblioteca del mecánico _9231197 |
|
| 852 |
_aES-MaACL _jC-19111 _bR.46908 |
||
| 999 |
_c74066 _d74066 |
||